Statystyki dla Największe rzeki w Polsce

Kliknij tutaj aby rozwiązać quiz!

Ogólne statystyki

  • Ten quiz został rozwiązany 109 razy
  • Średni wynik to 24 z 88

Statystyki odpowiedzi

Odpowiedź% Poprawnych
Wisła
99%
Odra
96%
Bug
88%
Warta
86%
Narew
80%
San
77%
Dunajec
75%
Wieprz
71%
Pilica
64%
Noteć
61%
Nysa Łużycka
60%
Biebrza
59%
Bóbr
54%
Wisłok
54%
Brda
53%
Nysa Kłodzka
51%
Wisłoka
45%
Wda
41%
Czarna
40%
Bzura
36%
Gwda
36%
Wkra
36%
Biała
35%
Parsęta
35%
Drwęca
34%
Bystrzyca
33%
Bystrzyca
33%
Łyna
30%
Słupia
30%
Drawa
29%
Czarna Hańcza
28%
Nida
28%
Obra
28%
Prosna
27%
Raba
27%
Łeba
24%
Nogat
24%
Pasłęka
22%
Poprad
20%
Rega
20%
Soła
20%
Krzna
19%
Ina
18%
Kamienna
18%
Wierzyca
18%
Ełk
17%
Wieprza
17%
Osa
16%
Radomka
16%
Skawa
16%
Kwisa
14%
Mała Panew
14%
Pisa
14%
Reda
14%
Kaczawa
13%
Ner
13%
Oława
13%
Radunia
13%
Skrwa
12%
Iłżanka
11%
Widawa
11%
Nurzec
10%
Supraśl
10%
Tanew
10%
Wełna
10%
Widawka
10%
Liswarta
8%
Liwa
8%
Liwiec
8%
Rawka
8%
Ropa
8%
Świder
8%
Huczwa
7%
Radew
7%
Ślęza
7%
Omulew
6%
Stobrawa
6%
Szreniawa
6%
Grabowa
5%
Guber
5%
Orzyc
5%
Osława
5%
Barycza
4%
Lubaczówka
4%
Rozoga
4%
Sołokija
4%
Tyśmienica
2%
Wisznia
1%

Rozkład punktacji

Percentyl według liczby udzielonych odpowiedzi

Procent ludzi z każdym wynikiem

Twoja historia wyników

Nie rozwiązałeś tego quizu